| 000 | 00566nam a22001697a 4500 | ||
|---|---|---|---|
| 005 | 20231115080339.0 | ||
| 008 | 231115b |||||||| |||| 00| 0 eng d | ||
| 020 | _a9780702179624 | ||
| 041 | _aEnglish | ||
| 082 | _a344.4 ENV | ||
| 100 | _lEnglish | ||
| 245 |
_aEnvironmental Compliance and Enforcement in South Africa : _bLegal Perspective / _cedited by A Patterson and LJ Kotze |
||
| 260 |
_aCape Town : _bJuta and Company Ltd, _c2009 |
||
| 300 |
_bxlii, 404 pages ; _c26 cm. |
||
| 650 |
_aLegal practice _bLaw |
||
| 942 |
_cBK _6ALISON_BN_VRIES |
||
| 999 |
_c653 _d653 |
||